Στρατηγικές δημοσίων σχέσεων στους ελληνικούς λιμένες : διπλωματική εργασία

Αποθηκεύτηκε σε:
Λεπτομέρειες βιβλιογραφικής εγγραφής
Κύριος συγγραφέας: Καραμίγκου, Άννα
Συγγραφή απο Οργανισμό/Αρχή: Πανεπιστήμιο Αιγαίου Σχολή Επιστημών της Διοίκησης Τμήμα Ναυτιλίας και Επιχειρηματικών Υπηρεσιών Πρόγραμμα Μεταπτυχιακών Σπουδών "Ναυτιλία, Μεταφορές και Διεθνές Εμπόριο - ΝΑ.Μ.Ε."
Άλλοι συγγραφείς: Λεκάκου, Μαρία (Εισηγητής διατριβής)
Μορφή: Thesis Βιβλίο
Γλώσσα:Greek
Δημοσίευση: 2012
Θέματα:
Διαθέσιμο Online:http://hdl.handle.net/11610/12945
Ετικέτες: Προσθήκη ετικέτας
Δεν υπάρχουν, Καταχωρήστε ετικέτα πρώτοι!

MARC

LEADER 00000cam a2200000 i 4500
001 1/44403
008 140317s2012 gre d
035 |l 10117119 
040 |a GR-MY-UA  |b gre  |e aacr 
041 0 |a gre 
082 0 |a 658.8  |2 (23) 
100 1 |a Καραμίγκου, Άννα. 
245 1 0 |a Στρατηγικές δημοσίων σχέσεων στους ελληνικούς λιμένες :  |b διπλωματική εργασία /  |c Καραμίγκου Άννα ; επιβλέπουσα καθηγήτρια: Λεκάκου Μαρία 
260 |c 2012 
300 |a 96 σ.;  |b διαγρ.;  |c 30 εκ. 
502 # # |a Διατριβή (μεταπτυχιακή) – Πανεπιστήμιο Αιγαίου, Χίος, 2012. 
504 |a Περιλαμβάνει βιβλιογραφία 
650 0 0 |a Marketing. 
650 0 0 |a Public relations. 
650 0 0 |a Harbors. 
650 0 0 |a Dissertations, Academic  |z Greece. 
700 1 |a Λεκάκου, Μαρία.  |4 ths 
710 1 |a Πανεπιστήμιο Αιγαίου  |b Σχολή Επιστημών της Διοίκησης  |b Τμήμα Ναυτιλίας και Επιχειρηματικών Υπηρεσιών  |b Πρόγραμμα Μεταπτυχιακών Σπουδών "Ναυτιλία, Μεταφορές και Διεθνές Εμπόριο - ΝΑ.Μ.Ε.". 
852 |a INST  |b CHIOS  |c DIATR  |e 20140319  |h 658.8 ΚΑΡ  |p 005200035121  |q 005200035121  |t MTXE  |y 23 
852 |a INST  |b CHIOS  |c DIATR  |e 20140317  |h 658.8 ΚΑΡ  |p 005200035122  |q 005200035122  |t MTXE  |y 23 
856 |u http://hdl.handle.net/11610/12945 
901 |a BIBL2-2014-1 
909 |a Χ  |b 175898 
909 |a Χ  |b 175899 
924 |a ΚΑΡΑΜΙΓΚΟΥ  |b ΑΝΝΑ  |y ΧΙΟΣ  |z 2012-11 
970 |a ΠΑΡΟΙΚΑΚΗ  |b ΒΑΣΙΛΙΚΗ  |z 2014/03/17